Honra fúnebre que en memoria del inmortal Pontífice IX celebró el seminario Conciliar de Guadalajara, ...

Detalles Bibliográficos
Formato: Libro
Publicado: Guadalajara 1878
Materias:
Colección:Banco de datos
Acervo:Biblioteca del Ex Convento de Nuestra Señora de Guadalupe. Zacatecas
Tema general:Pontífices
Notas:Buena. XIV,2,10 (4706). Encuadernado con tres obras más. Ex libris de José Ma. del Refugio Guerra
LEADER 00773nam a22001810004500
035 |a 46122 
036 |a 7306 
245 1 0 |a Honra fúnebre que en memoria del inmortal Pontífice IX celebró el seminario Conciliar de Guadalajara, ... 
260 |a Guadalajara  |b imp. Dionisio Rodríguez  |c 1878 
500 |a Buena. XIV,2,10 (4706). Encuadernado con tres obras más. Ex libris de José Ma. del Refugio Guerra 
650 1 0 |a Pontífices 
949 |a CRZ-CG 
959 |a Ex convento de Nuestra Señora de Guadalupe, Museo Regional de Zacatecas, Zacatecas  |b CCC4 
960 |a Convento de Nuestra Señora de Guadalupe, Zacatecas  |b DD87 
961 |a Franciscana  |b OF 
942 |c CRZ-CG 
943 |g Biblioteca del Ex Convento de Nuestra Señora de Guadalupe. Zacatecas 
999 |c 970249  |d 970249